000 00415nam a2200157Ia 4500
008 230312s9999||||xx |||||||||||||| ||und||
020 _a0-619-15978-2
082 _a004.22
_bBUR-S
100 _aBurd Stephen D.
245 0 _aSystems Architecture
260 _bThomson
_aCANADA
_c2003
300 _a638
546 _aEng.
650 _aArchitecture
_vTechnology and Knowledge , Systems Survey , Summary
942 _cBK
999 _c3451
_d3451